书目信息 |
| 题名: |
消费视野下主体性重构研究
|
|
| 作者: | 吴玉彬 著 | |
| 分册: | ||
| 出版信息: | 长春 吉林大学出版社 2021 |
|
| 页数: | 190页 | |
| 开本: | 24cm | |
| 丛书名: | ||
| 单 册: | ||
| 中图分类: | F014.5 | |
| 科图分类: | ||
| 主题词: | 消费--研究 | |
| 电子资源: | ||
| ISBN: | 978-7-5692-9409-5 | |
| 000 | 01406nam0 2200253 450 | |
| 001 | 2346342990 | |
| 005 | 20231214125231.80 | |
| 010 | @a978-7-5692-9409-5@dCNY68.00 | |
| 100 | @a20220516e20222021em y0chiy50 ea | |
| 101 | 0 | @achi |
| 102 | @aCN@b220000 | |
| 105 | @ay az 000yy | |
| 200 | 1 | @a消费视野下主体性重构研究@Axiao fei shi ye xia zhu ti xing chong gou yan jiu@f吴玉彬著 |
| 210 | @a长春@c吉林大学出版社@d2021@h20222印 | |
| 215 | @a190页@d24cm | |
| 300 | @a江西省社会科学研究规划项目“马克思主义关于消费的社会理论及其当代实践意义研究 (项目编号:19KS24)”研究成果 江西高校人文社会科学重点研究基地招标项目“客家民情与地方治理研究(JD17011)” | |
| 314 | @a吴玉彬,1987年生,男,上海大学社会学博士,赣南师范大学历史文化与旅游学院讲师、客家研究中心研究员。 | |
| 320 | @a有书目 (第157-183页) | |
| 330 | @a本书把人的主体性建构纳入消费的视角,共计七章,包括:消费视角的转换,符号消费,主体性重构可能性,西方农民、工人的主体性重构的历史进程,中国民众的消费主体性重构。本研究结合中国历史和现实,在研究取向、兴趣、路径等方面重视消费主体和主体性、消费的社会与文化差异、物与商品的社会生命和社会意义,对消费理论进行解读。用消费的视角发展马克思主义的社会理论,彰显了马克思主义的时代性、进步性,增强了马克思主义面对新问题的解释力,补充了中国特色的马克思主义理论体系。 | |
| 606 | 0 | @a消费@x研究 |
| 690 | @aF014.5@v5 | |
| 701 | 0 | @a吴玉彬@Awu yu bin@f(1987-)@4著 |
| 801 | 0 | @aCN@b91MARC@c20220712 |
| 905 | @aZUCC@dF014.5@e8 | |
| 消费视野下主体性重构研究/吴玉彬著.-长春:吉林大学出版社,2021(20222印) |
| 190页;24cm |
| 江西省社会科学研究规划项目“马克思主义关于消费的社会理论及其当代实践意义研究 (项目编号:19KS24)”研究成果 江西高校人文社会科学重点研究基地招标项目“客家民情与地方治理研究(JD17011)” |
| ISBN 978-7-5692-9409-5:CNY68.00 |
| 本书把人的主体性建构纳入消费的视角,共计七章,包括:消费视角的转换,符号消费,主体性重构可能性,西方农民、工人的主体性重构的历史进程,中国民众的消费主体性重构。本研究结合中国历史和现实,在研究取向、兴趣、路径等方面重视消费主体和主体性、消费的社会与文化差异、物与商品的社会生命和社会意义,对消费理论进行解读。用消费的视角发展马克思主义的社会理论,彰显了马克思主义的时代性、进步性,增强了马克思主义面对新问题的解释力,补充了中国特色的马克思主义理论体系。 |
| ● |
| 相关链接 |
|
|
|
正题名:消费视野下主体性重构研究
索取号:F014.5/8
 
预约/预借
| 序号 | 登录号 | 条形码 | 馆藏地/架位号 | 状态 | 备注 |
| 1 | 2001273103 | 2001273103 | 辽宁北方(第一批)/辽宁北方(第一批)/442/ [索取号:F014.5/8] | 在馆 | |
| 2 | 2001273104 | 2001273104 | 辽宁北方(第一批)/辽宁北方(第一批)/442/ [索取号:F014.5/8] | 在馆 | |
| 3 | 2001273105 | 2001273105 | 辽宁北方(第一批)/辽宁北方(第一批)/442/ [索取号:F014.5/8] | 在馆 | |
| 4 | 2001273106 | 2001273106 | 辽宁北方(第一批)/辽宁北方(第一批)/442/ [索取号:F014.5/8] | 在馆 | |
| 5 | 2001273107 | 2001273107 | 辽宁北方(第一批)/辽宁北方(第一批)/442/ [索取号:F014.5/8] | 在馆 | |
| 6 | 2001273108 | 2001273108 | 辽宁北方(第一批)/辽宁北方(第一批)/442/ [索取号:F014.5/8] | 在馆 |